mysqli: Table './ulib62015/stat_globaluid' is marked as crashed and should be repaired
select id from stat_globaluid where statuid='20260706002251_3057'
mysqli: Table './ulib62015/stat_globaluid' is marked as crashed and should be repaired
DELETE FROM stat_globaluid
WHERE id NOT IN (
SELECT id
FROM (
SELECT id
FROM stat_globaluid
ORDER BY id DESC
LIMIT 100
) foo
);
mysqli: Table './ulib62015/stat_globaluid' is marked as crashed and should be repaired
insert into stat_globaluid set
statuid='20260706002251_3057',
dt='1783272171',
phpself='/ULIB62015/dublinfull.php',
agent='Mozilla/5.0 AppleWebKit/537.36 (KHTML, like Gecko; compatible; ClaudeBot/1.0; +claudebot@anthropic.com)',
yea='2026',
mon='7',
dat='6',
ip='216.73.217.145'
mysqli: Table './ulib62015/stathist_viewbib_bib_type' is marked as crashed and should be repaired
insert into stathist_viewbib_bib_type set
dat='06' ,
mon='07' ,
yea='2026' ,
statuid='20260706002251_3057' ,
head='13399123119' ,
foot='marc' ,
dt='1783272171'
| LEADER : 00000nam 2200000uu 4500 |
| 001 13399123119 |
| 003 ULIB |
| 008 220824s2562||||th 000 0 tha d |
| 020 ^a9789740338550
|
| 050 04 ^aLB1044.87^bด123ป 2562
|
| 100 0 ^aดนัยศักดิ์ กาโร
|
| 245 10 ^aปฏิวัติการสอนสู่ห้องเรียน 4.0 ด้วย Google for education /^cดนัยศักดิ์ กาโร
|
| 250 ^aพิมพ์ครั้งที่ 2
|
| 260 ^aกรุงเทพฯ :^bสำนักพิมพ์จุฬาลงกรณ์มหาวิทยาลัย,^c2562
|
| 300 ^a193 หน้า :^bภาพประกอบ ;^c26 ซม.
|
| 650 0 ^aเทคโนโลยีทางการศึกษา
|
| 650 0 ^aระบบการเรียนการสอน
|
| 945 ^p210^l0^i029494
|
| 945 ^p210^l0^i029495
|
| 945 ^p210^l0^i029496 |
| 999 ^a57066
|
| คุณยังไม่ได้ล็อกอิน คุณสามารถมีกิจกรรมร่วมกับเว็บไซต์ได้ แต่ต้องล็อกอินก่อน :: |
|
|
|
| ลำดับที่ |
ประเภท |
เลขเรียก/บาร์โค้ด |
สถานที่ |
สถานะ |
| 1. |
 หนังสือ | LB1044.87 ด123ป 2562 ฉ.1 Barcode: 029494 | หนังสือทั่วไป | บนชั้น ขอยืม |
| Note:งบประมาณปี 2564 |
| 2. |
 หนังสือ | LB1044.87 ด123ป 2562 ฉ.2 Barcode: 029495 | หนังสือทั่วไป | บนชั้น ขอยืม |
| Note:งบประมาณปี 2564 |
| 3. |
 หนังสือ | LB1044.87 ด123ป 2562 ฉ.3 Barcode: 029496 | หนังสือทั่วไป | บนชั้น ขอยืม |
| Note:งบประมาณปี 2564 |
รายการใกล้เคียง
หัวเรื่อง [เทคโนโลยีทางการศึกษา] หัวเรื่อง [ระบบการเรียนการสอน]
|
|
ยังไม่เคยถูกคอมเมนท์
|
| คอมเมนท์ทรัพยากรรายการนี้ |
|